Histoire de l'Economie : Le Système Monétaire International - Statistiques

Statistiques générales
  • Ce quiz a été pris 59 fois
  • Le résultat moyen est 5 sur 12
Statistiques - réponses
Evénement Date % Correct
Mise en circulation de l'Euro 2002
91%
Accords de Bretton Woods 1944
72%
Début de la crise de l'euro 2010
61%
Accords de Jamaique/de Kingston 1976
48%
Création du Système Monétaire Européen (SME) 1979
35%
Conférence de Gênes 1922
33%
Accords du Plaza 1985
33%
Accords du Smithonian Institute 1971
31%
Accords du Louvre 1987
31%
Acte de Peel ou Bank Charter Act 1844
19%
Création du Franc Germinal 1803
17%
Création du Yen 1871
13%
Aucun quiz correspondant
Distribution des résultats
% des personnes avec chaque résultat
Percentile par nombre de réponses
Votre historique - résultats
Vous n’avez pas pris ce quiz